000 00460cam a22001457a 4500
008 180718b2003 xxu||||| |||| 00| 0 eng d
082 _aI5135x5411 AR
100 _aAssam. Administrative Reforms Commission
245 _aAssam Administrative Reforms Commission
260 _aDispur
_bThe author
_c2003
300 _a26p.
500 _aChairman: Jatin Hazarika
650 _aAdministrative reorganisation - India - Assam
700 _aHazarika, Jatin (Chairman)
999 _c481303
_d481303